| 000 | 00482nam a2200181Ia 4500 | ||
|---|---|---|---|
| 008 | 170510s9999 xx 000 0 und d | ||
| 100 | _aDevon Powers | ||
| 245 | _a First! Cultural circulation in the age of recursivity | ||
| 245 | _cDevon Powers | ||
| 260 | _bSAGE | ||
| 260 | _c2017 | ||
| 300 | _apages 165-180,February | ||
| 440 |
_aNew Media & Society _v19:2 |
||
| 650 | _aCirculation | ||
| 650 | _aMetaculture | ||
| 650 | _aPromotional culture | ||
| 650 | _aRecursivity | ||
| 999 |
_c329850 _d329850 |
||